[Event "Athens Papanastasio op 13th"]
[Site "Athens"]
[Date "2023.09.15"]
[Round "5"]
[White "Balaskas, Stefanos"]
[Black "Kokkalis, Georgios Stef"]
[Result "1-0"]
[WhiteElo "1252"]
[BlackElo "1210"]
[PlyCount "37"]
[EventDate "2023.09.11"]
[EventType "swiss"]
[EventRounds "7"]
[EventCountry "GRE"]
[SourceTitle "EXT 2024"]
[Source "ChessBase"]
[SourceDate "2023.10.10"]
[SourceVersion "1"]
[SourceVersionDate "2023.10.10"]
[SourceQuality "1"]

1. e4 e5 2. Bc4 Nf6 3. d3 Nc6 4. Nf3 Bc5 5. c3 d6 6. Nbd2 h6 7. h3 a6 8. Bb3 Ne7 9. Nf1 Ba7 10. Ng3 c5 11. Nh4 b5 12. Qf3 Qc7 13. Nh5 Neg8 14. Nxg7+ Kf8 15. Nh5 Nxh5 16. Ng6+ Kg7 17. Nxh8 c4 18. Nxf7 cxb3 19. Nxh6 1-0